Bands & Artists: A-Z #2 - Statistics

General Stats
  • This quiz has been taken 150 times
  • The average score is 14 of 25
Answer Stats
Hint Answer % Correct
M 'Like a Virgin' Madonna
92%
B 'Single Ladies (Put A Ring On It)' Beyonce
91%
K 'I Kissed A Girl' Katy Perry
88%
P 'Every Breath You Take' The Police
86%
A 'Take On Me' a-Ha
83%
E 'Hound Dog' Elvis Presley
83%
T 'Shake It Off' Taylor Swift
77%
O 'Hey Ya' Outkast
73%
W 'Seven Nation Army' The White Stripes
72%
C 'Believe' Cher
68%
V 'Bittersweet Symphony' The Verve
64%
J 'You're Beautiful' James Blunt
51%
F 'Everlong' Foo Fighters
50%
N 'In Bloom' Nirvana
50%
U 'Yeah' Usher
50%
R 'Killing In The Name Of' Rage Against The Machine
49%
G 'Crazy' Gnarls Barkley
47%
Y 'Owner of a Lonely Heart' Yes
45%
L 'Edge of Glory' Lady Gaga
43%
H 'Jump Around' House of Pain
39%
I 'Flashdance (What a Feeling)' Irene Cara
36%
D 'The End' The Doors
33%
Q 'No One Knows' Queens of The Stone Age
24%
S 'Reach' S Club 7
15%
Z 'Valerie' The Zutons
13%
No matching quizzes found
Score Distribution
Percent of People with Each Score
Percentile by Number Answered
Your Score History
You have not taken this quiz